[Event "CAN-ch U08 Girls"]
[Site "Sault Ste Marie"]
[Date "2017.07.10"]
[Round "7"]
[White "Ma, Lily"]
[Black "Ran, Alice"]
[Result "1-0"]
[WhiteElo "820"]
[BlackElo "690"]
[PlyCount "62"]
[EventDate "2017.07.06"]
[EventType "swiss"]
[EventRounds "9"]
[EventCountry "CAN"]
[SourceTitle "EXT 2022"]
[Source "ChessBase"]
[SourceDate "2021.10.06"]
[SourceVersion "1"]
[SourceVersionDate "2021.10.06"]
[SourceQuality "1"]

1. d4 d5 2. c4 e6 3. c5 Nf6 4. Nc3 c6 5. Bg5 b6 6. Bxf6 Qxf6 7. b4 bxc5 8. bxc5 Bxc5 9. e3 Bb4 10. Qb3 c5 11. Nf3 0-0 12. Rc1 Nc6 13. Qd1 c4 14. g3 e5 15. Bg2 e4 16. Nd2 Bxc3 17. Rxc3 Be6 18. 0-0 Rab8 19. Re1 Qg6 20. Nf1 Bg4 21. f3 Be6 22. Rc1 Rb2 23. a4 Qh6 24. Rb1 Ra2 25. f4 Bh3 26. Bxh3 Qxh3 27. Re2 Ra3 28. Reb2 c3 29. Rb7 Ra2 30. Nd2 Rxd2 31. Qf1 Qxh2# 1-0